000 00889nmm a2200313 a 4500
003 AR-BaBNM
005 20251128205253.0
008 207019s1996 ||||||||||||||000 | spa||
020 _a987-99746-9-7
040 _cAR-BaBNM
245 1 0 _aCiencia y sociedad en América Latina
260 _aBernal
_bUniversidad Nacional de Quilmes
_c1996
300 0 _a505 p.
_btablas
500 0 _aReferencia sobre los autores p. 503-505.
650 4 _aSOCIOLOGIA CULTURAL
650 4 _aCIENCIA
650 4 _aTECNOLOGIA
650 4 _aSOCIOLOGIA
650 4 _aBIENESTAR SOCIAL
650 4 _aDERECHOS SOCIALES Y ECONOMICOS
650 4 _aSOCIOLOGIA DE LA INVESTIGACION
650 4 _aSOCIOLOGIA DE LAS CIENCIAS
650 4 _aBIOETICA
700 1 _aAlbornoz, Mario
_eeditor
700 1 _aKreimer, Pablo
_eeditor
700 1 _aGlavich, Eduardo
_eeditor
942 _cBK
998 _cmariana
999 _c10671
_d10671